|
|
|
|
| LEADER |
00663nam a2200193 a 4500 |
| 001 |
000620315 |
| 003 |
CZ BrMZK |
| 005 |
20020902094422.0 |
| 008 |
020902s1929 xr f slv d |
| 040 |
|
|
|a BOA001
|b cze
|c BOA001
|
| 041 |
1 |
|
|a slv
|h cze
|
| 100 |
1 |
|
|a Zeman, Josef,
|d 1867-1961
|7 jk01152472
|4 aut
|
| 245 |
1 |
0 |
|a Očerki iz pedopatologije /
|c napisav. Josef Zeman
|
| 260 |
|
|
|a Praha :
|b Centr. vidavnictvo i knihar. českoslovackoho učitel'stva,
|c 1929
|
| 300 |
|
|
|a 93, 1 s.
|
| 910 |
|
|
|a BOA001
|b PK-0013.190
|
| 964 |
|
|
|a Pedagogika nápravná - úvody
|
| 990 |
|
|
|a BK
|
| 996 |
7 |
|
|b 3119688883
|c PK-0013.190
|l MZK
|r Sklad / do 1 hodiny
|n 1
|w 000620315
|u 000010
|a 1
|e BOA001
|j MZK50
|s A
|